000 00277nam a22001217a 4500
008 181217b xxu||||| |||| 00| 0 eng d
041 _aeng
080 _a701
100 _a44
101 _aART
245 _aThe Gallagher Memorial Collection
_cGallagher,E.J
942 _2udc
_cBK
999 _c53218
_d53218